<?xml version="1.0" encoding="UTF-8"?><?xml-stylesheet type="text/xsl" href="static/style.xsl"?><OAI-PMH xmlns="http://www.openarchives.org/OAI/2.0/" xmlns:xsi="http://www.w3.org/2001/XMLSchema-instance" xsi:schemaLocation="http://www.openarchives.org/OAI/2.0/ http://www.openarchives.org/OAI/2.0/OAI-PMH.xsd"><responseDate>2026-04-14T05:49:36Z</responseDate><request verb="GetRecord" identifier="oai:www.recercat.cat:2099.1/19567" metadataPrefix="marc">https://recercat.cat/oai/request</request><GetRecord><record><header><identifier>oai:recercat.cat:2099.1/19567</identifier><datestamp>2025-07-22T21:18:01Z</datestamp><setSpec>com_2072_1033</setSpec><setSpec>col_2072_452951</setSpec></header><metadata><record xmlns="http://www.loc.gov/MARC21/slim" xmlns:dcterms="http://purl.org/dc/terms/" xmlns:xsi="http://www.w3.org/2001/XMLSchema-instance" xmlns:doc="http://www.lyncode.com/xoai" xsi:schemaLocation="http://www.loc.gov/MARC21/slim http://www.loc.gov/standards/marcxml/schema/MARC21slim.xsd">
   <leader>00925njm 22002777a 4500</leader>
   <datafield ind2=" " ind1=" " tag="042">
      <subfield code="a">dc</subfield>
   </datafield>
   <datafield ind2=" " ind1=" " tag="720">
      <subfield code="a">Torcal Romero, Mònica</subfield>
      <subfield code="e">author</subfield>
   </datafield>
   <datafield ind2=" " ind1=" " tag="260">
      <subfield code="c">2013</subfield>
   </datafield>
   <datafield ind2=" " ind1=" " tag="520">
      <subfield code="a">Aquest projecte esta enfocat sobre l’estudi i creació d’una nova aplicació web, suportada per un servidor. Aquesta web esta dedicada al intercanvi d’objectes i serveis entre usuaris adherits, facilitant el seu contacte i la cerca segons les seves necessitats.&#xd;
Per la seva implementació s’ha pensat en la utilització d’un software de gestió de continguts.&#xd;
S’ha realitzat un estudi previ dels diferents gestor de continguts existents en el mercat i les seves diferencies per desprès escollir la millor opció.&#xd;
El gestor de continguts triat ha estat Drupal. Els criteris d’elecció han estat: adequació al requeriment i a la funcionalitat, software lliure i fàcil usabilitat.&#xd;
S’han exposat les funcionalitats proporcionades per Drupal , els requeriments per el seu funcionament, la seva estructura i forma de funcionar.&#xd;
Un cop escollit el gestor de contingut s’ha realitzat un anàlisis dels requeriments i necessitats que ha de cobrir el projecte. Desprès abans de desenvolupar el codi s’ha realitzat un disseny de l’aplicació a partir dels casos d’us necessaris segons els requeriments establerts anteriorment.&#xd;
El resultat ha estat una aplicació web que permetrà oferir objectes o serveis i demanar alguna cosa a canvi. La web un cop introduïda una nova oferta de canvi proposarà al usuari coincidències existents que satisfacin la oferta de canvi proposada, l’usuari podrà visualitzar les ofertes proposades i sol·licitar el canvi. L’usuari que rebi la sol·licitud podrà acceptar-la o rebutjar-la segons el seu interès. En el cas que s’accepti la sol·licitud la web posarà en contacte els usuaris a traves d’un xat on podran acordar la finalització del canvi.&#xd;
Per altre banda s’ha fet una introducció a la construcció del mòdul, i las configuracions bàsiques que s’ha realitzat al gestor. També s’ha volgut introduir la web a Internet i s’ha estudiat com realitzar aquesta acció.&#xd;
Finalment s’ha fet un estudi de econòmic per determinar el cost que tindria aquesta aplicació.</subfield>
   </datafield>
   <datafield tag="653" ind2=" " ind1=" ">
      <subfield code="a">Àrees temàtiques de la UPC::Informàtica::Sistemes d'informació</subfield>
   </datafield>
   <datafield tag="653" ind2=" " ind1=" ">
      <subfield code="a">Web portals</subfield>
   </datafield>
   <datafield tag="653" ind2=" " ind1=" ">
      <subfield code="a">Oferta de canvi</subfield>
   </datafield>
   <datafield tag="653" ind2=" " ind1=" ">
      <subfield code="a">Coincidència</subfield>
   </datafield>
   <datafield tag="653" ind2=" " ind1=" ">
      <subfield code="a">Conversa</subfield>
   </datafield>
   <datafield tag="653" ind2=" " ind1=" ">
      <subfield code="a">Taxonomia</subfield>
   </datafield>
   <datafield tag="653" ind2=" " ind1=" ">
      <subfield code="a">XAMPP</subfield>
   </datafield>
   <datafield tag="653" ind2=" " ind1=" ">
      <subfield code="a">DRUPAL</subfield>
   </datafield>
   <datafield tag="653" ind2=" " ind1=" ">
      <subfield code="a">PHP</subfield>
   </datafield>
   <datafield tag="653" ind2=" " ind1=" ">
      <subfield code="a">MYSQL</subfield>
   </datafield>
   <datafield tag="653" ind2=" " ind1=" ">
      <subfield code="a">NAT</subfield>
   </datafield>
   <datafield tag="653" ind2=" " ind1=" ">
      <subfield code="a">Pàgines web -- Desenvolupament</subfield>
   </datafield>
   <datafield tag="653" ind2=" " ind1=" ">
      <subfield code="a">Informació -- Sistemes d'emmagatzematge i recuperació</subfield>
   </datafield>
   <datafield ind2="0" ind1="0" tag="245">
      <subfield code="a">Web d’intercanvis</subfield>
   </datafield>
</record></metadata></record></GetRecord></OAI-PMH>